000 00309nam a22001337a 4500
008 181217b xxu||||| |||| 00| 0 eng d
020 _a9780385047883
041 _aeng
080 _a038
100 _a23
101 _aFJA
245 _aThe Expert's Crossword Puzzle Dictionary
_cBaus, H.M
942 _2udc
_cBK
999 _c53289
_d53289